BERKELEY PHYSICS COURSE (Record no. 6525)
[ view plain ]
| 000 -LEADER | |
|---|---|
| fixed length control field | 00853nam a2200169Ia 4500 |
| 003 - CONTROL NUMBER IDENTIFIER | |
| control field | SGT |
| 020 ## - INTERNATIONAL STANDARD BOOK NUMBER | |
| International Standard Book Number | 9780070702134 |
| 082 ## - DEWEY DECIMAL CLASSIFICATION NUMBER | |
| Classification number | 531,KIT |
| 100 ## - MAIN ENTRY--PERSONAL NAME | |
| Personal name | KITTEL, CHARLES |
| 245 ## - TITLE STATEMENT | |
| Title | BERKELEY PHYSICS COURSE |
| 250 ## - EDITION STATEMENT | |
| Edition statement | 2nd Ed. |
| 260 ## - PUBLICATION, DISTRIBUTION, ETC. (IMPRINT) | |
| Name of publisher, distributor, etc | NEW DELHI. |
| Place of publication, distribution, etc | TMH |
| Year of Publication | 2013 |
| 300 ## - PAGE DESCRIPTION | |
| No. of Pages | 451p. |
| 650 ## - SUBJECT ADDED ENTRY--TOPICAL TERM | |
| Topical term or geographic name as entry element | CLASSICAL MECHANICS |
| 653 ## - KEYWORDS--INDEX TERM | |
| Keyword term | 1. INTRODUCTION 2. VECTORS 3. NEWTON’S LAWS OF MOTION 4. FRAMES OF REFERENCE: GALILEAN TRANSFORMATION 5. CONSERVATION OF ENERGY 6. CONSERVATION OF LINEAR AND ANGULAR MOMENTUM 7. HARMONIC OSCILLATOR: PROPERTIES AND EXAMPLES 8. ELEMENTARY DYNAMICS OF RIGID BODIES 9. INVERSE-SQUARE-LAW FORCE 10. THE SPEED OF LIGHT 11. SPECIAL RELATIVITY: THE LORENTZ TRANSFORMATION 12. RELATIVISTIC DYNAMICS: MOMENTUM AND ENERGY 13. PROBLEMS IN RELATIVISTIC DYNAMICS 14. PRINCIPLE OF EQUIVALENCE |
| 942 ## - ADDED ENTRY ELEMENTS (KOHA) | |
| Source of classification or shelving scheme | Dewey Decimal Classification |
| Koha item type | FPS Books |
| 942 ## - ADDED ENTRY ELEMENTS (KOHA) | |
| -- | 2 |
| Withdrawn status | Lost status | Source of classification or shelving scheme | Damaged status | Not for loan | Collection code | Home library | Current library | Shelving location | Date acquired | Vendor Name | Cost, normal purchase price | Volume Information (Serial or Books or Non-Book Material) | SGTU | Bill Number | Total Checkouts | Full call number | Accession No. (Barcode) | Date last seen | Date last borrowed | Bill Date | Koha item type |
|---|---|---|---|---|---|---|---|---|---|---|---|---|---|---|---|---|---|---|---|---|---|
| Dewey Decimal Classification | SCIENCE | SGT Science & Social Sciences Library | SGT Science & Social Sciences Library | On Display | 26/11/2014 | SPARSH BOOK | 650.00 | 1 | SGTU | 1294 | 5 | 531 KIT | PS579 | 15/02/2022 | 21/12/2021 | 24/03/2015 | FPS Books |